000
00263 a2200097 4500
020
_a
9788199238909
100
_a
Nizar ilthumish
245
_a
Onnam thalaikkoothal(ഒന്നാം തലൈക്കൂത്തൽ)
260
_b
Story slate
_c
2025
942
_c
OO
999
_c
116159
_d
116158